| 000 | 00608nam a2200205 a 4500 | ||
|---|---|---|---|
| 001 | 000042499 | ||
| 005 | 20201002040207.0 | ||
| 008 | 131204s1997 sp r 000 0 spa d | ||
| 020 | _a8479794348 | ||
| 040 |
_aDO-SdBNP _bspa _cBNPHU |
||
| 082 |
_axxxx _bxxxx |
||
| 100 | 1 |
_aTertsch, Hermann, _d1958- _969696 |
|
| 245 | 1 | 3 |
_aLa acuarela / _cHermann, Tertsch. |
| 260 |
_aEspaña : _bAnaya & Mario Muchnik, _c1997. |
||
| 300 |
_a186 p. ; _c22 cm. |
||
| 490 | 1 | _aAnalectas | |
| 500 | _aIncluye datos biográficos del autor en la contracubierta | ||
| 590 | _aInventariado, 2019/BT | ||
| 830 | 0 |
_aAnalectas _921390 |
|
| 999 |
_c41988 _d41988 |
||